El derecho agrario; su teora̕ general. Evolucin̤, recepcin̤ y estado actual en Cuba

Bibliographic Details
Main Author: Pavo Acosta, Rolando
Format: eBook
Language:Spanish
Published: Barcelona: Editorial vLex, 2014
Subjects:
Online Access:Acceso restringido

MARC

LEADER 00000nam a22000007a 4500
005 20140331023919.0
007 cr|||| ||||
008 140331s cu |||||s|||| 00||0 spa d
035 |a 11860 
040 |a vLex 
090 |c 4742  |d 4742 
100 1 |a Pavo Acosta, Rolando 
245 1 3 |a El derecho agrario; su teora̕ general. Evolucin̤, recepcin̤ y estado actual en Cuba  |h [Recurso electrn̤ico] /  |c Rolando Pavo Acosta 
256 |a Servicio en ln̕ea 
260 |a Barcelona:  |b Editorial vLex,  |c 2014 
300 |a 1 recurso electrn̤ico 
506 |a Disponible solo en los productos indicados  |d vLex Global  |d vLex Global (Academic Edition, excluding Law Schools)  |d vLex Global (U.S. Academic Edition, Law Schools)  |d vLex Global (U.S. Academic Edition, excluding Law Schools)  |d vLex Global (Academic Edition, Law Schools) 
650 0 4 |a Agricultura  |z Cuba 
740 0 |a vLex Libros (Servicio en ln̕ea) 
856 4 0 |u http://vlex.com/source/derecho-agrario-teoria-general-11860  |z Acceso restringido 
942 |c BOOK 
999 0 |a agriculture